<?xml version="1.0" encoding="UTF-8"?>
<record
    xmlns:xsi="http://www.w3.org/2001/XMLSchema-instance"
    xsi:schemaLocation="http://www.loc.gov/MARC21/slim http://www.loc.gov/standards/marcxml/schema/MARC21slim.xsd"
    xmlns="http://www.loc.gov/MARC21/slim">

  <leader>01325    a2200181   4500</leader>
  <controlfield tag="001">141359</controlfield>
  <datafield tag="040" ind1=" " ind2=" ">
    <subfield code="c">Leonardo Da Vinci</subfield>
  </datafield>
  <datafield tag="041" ind1=" " ind2=" ">
    <subfield code="a">Portugu&#xEA;s</subfield>
  </datafield>
  <datafield tag="082" ind1=" " ind2=" ">
    <subfield code="a">372.35 G744c</subfield>
    <subfield code="b">G744c</subfield>
  </datafield>
  <datafield tag="100" ind1=" " ind2=" ">
    <subfield code="a">GOWDAK, Dem&#xE9;trio</subfield>
  </datafield>
  <datafield tag="245" ind1=" " ind2=" ">
    <subfield code="a">Ci&#xEA;ncias</subfield>
    <subfield code="b">ambiente, recursos do ambiente, sa&#xFA;de; 5&#xAA; s&#xE9;rie</subfield>
  </datafield>
  <datafield tag="260" ind1=" " ind2=" ">
    <subfield code="b">FTD</subfield>
    <subfield code="c">1986</subfield>
    <subfield code="a">S&#xE3;o Paulo</subfield>
  </datafield>
  <datafield tag="300" ind1=" " ind2=" ">
    <subfield code="a">216</subfield>
  </datafield>
  <datafield tag="362" ind1=" " ind2=" ">
    <subfield code="a">19860000</subfield>
  </datafield>
  <datafield tag="500" ind1=" " ind2=" ">
    <subfield code="a">Suplementado por livro do professor</subfield>
  </datafield>
  <datafield tag="697" ind1=" " ind2=" ">
    <subfield code="a">Ci&#xEA;ncias</subfield>
    <subfield code="a">Ecologia</subfield>
    <subfield code="a">Educa&#xE7;&#xE3;o sanit&#xE1;ria</subfield>
    <subfield code="a">Ar</subfield>
    <subfield code="a">Press&#xE3;o atmosf&#xE9;rica</subfield>
    <subfield code="a">Experi&#xEA;ncia de Torricelli</subfield>
    <subfield code="a">Bar&#xF4;metro</subfield>
    <subfield code="a">Instrumentos de medida</subfield>
    <subfield code="a">Higr&#xF4;metro</subfield>
    <subfield code="a">Pluviom&#xEA;tro</subfield>
    <subfield code="a">Anem&#xF4;metro</subfield>
    <subfield code="a">Biruta</subfield>
    <subfield code="a">Term&#xF4;metro</subfield>
    <subfield code="a">Camadas da atmosfera</subfield>
    <subfield code="a">Troposfera</subfield>
    <subfield code="a">Estratosfera</subfield>
    <subfield code="a">Mesosfera</subfield>
    <subfield code="a">Termosfera</subfield>
    <subfield code="a">Gases do ar</subfield>
    <subfield code="a">Ar</subfield>
    <subfield code="a">&#xC1;gua</subfield>
    <subfield code="a">Ferro</subfield>
    <subfield code="a">Vinho</subfield>
    <subfield code="a">Gases</subfield>
    <subfield code="a">Estado f&#xED;sico da &#xE1;gua</subfield>
    <subfield code="a">Chuva</subfield>
    <subfield code="a">Tratamento da &#xE1;gua</subfield>
    <subfield code="a">Propriedade da &#xE1;gua</subfield>
    <subfield code="a">Fonte de energia</subfield>
    <subfield code="a">Solo</subfield>
    <subfield code="a">Camadas da terra</subfield>
    <subfield code="a">Crosta terrestre</subfield>
    <subfield code="a">Manto</subfield>
    <subfield code="a">N&#xFA;cleo central</subfield>
    <subfield code="a">Grau geot&#xE9;rmico</subfield>
    <subfield code="a">Rochas</subfield>
    <subfield code="a">Solo</subfield>
    <subfield code="a">Meio ambiente</subfield>
    <subfield code="a">Ambiente natural</subfield>
    <subfield code="a">Min&#xE9;rios</subfield>
    <subfield code="a">F&#xF3;sseis</subfield>
    <subfield code="a">Polui&#xE7;&#xE3;o da &#xE1;gua</subfield>
    <subfield code="a">Polui&#xE7;&#xE3;o do ar</subfield>
    <subfield code="a">Mon&#xF3;xido de carbono</subfield>
    <subfield code="a">Di&#xF3;xido de enxofre</subfield>
    <subfield code="a">Poluentes</subfield>
    <subfield code="a">Sa&#xFA;de</subfield>
    <subfield code="a">Higiene f&#xED;sica</subfield>
    <subfield code="a">Higiene mental</subfield>
    <subfield code="a">Higiene social</subfield>
    <subfield code="a">Pele</subfield>
    <subfield code="a">Olhos</subfield>
    <subfield code="a">&#xD3;rg&#xE3;os</subfield>
    <subfield code="a">Ouvido</subfield>
    <subfield code="a">Nariz</subfield>
    <subfield code="a">Dente</subfield>
    <subfield code="a">Couro cabeludo</subfield>
    <subfield code="a">M&#xFA;sculo</subfield>
    <subfield code="a">Micr&#xF3;bios</subfield>
    <subfield code="a">V&#xED;rus</subfield>
    <subfield code="a">Bact&#xE9;rias</subfield>
    <subfield code="a">Protozo&#xE1;rios</subfield>
    <subfield code="a">Fungos</subfield>
    <subfield code="a">Vacinas</subfield>
    <subfield code="a">Ensino Fundamental 2. ciclo</subfield>
  </datafield>
  <datafield tag="942" ind1=" " ind2=" ">
    <subfield code="c">BK</subfield>
  </datafield>
  <datafield tag="952" ind1=" " ind2=" ">
    <subfield code="0">0</subfield>
    <subfield code="1">0</subfield>
    <subfield code="4">0</subfield>
    <subfield code="7">0</subfield>
    <subfield code="a">71.1</subfield>
    <subfield code="b">71.1</subfield>
    <subfield code="d">2024-03-27</subfield>
    <subfield code="l">0</subfield>
    <subfield code="o">372.35 G744c</subfield>
    <subfield code="p">O004890</subfield>
    <subfield code="r">2024-03-27 22:46:04</subfield>
    <subfield code="w">2024-03-27</subfield>
    <subfield code="y">BK</subfield>
  </datafield>
  <datafield tag="999" ind1=" " ind2=" ">
    <subfield code="c">141359</subfield>
    <subfield code="d">141359</subfield>
  </datafield>
</record>
